Wie viel Glück haben Sie? - Statistiken

Allgemein
  • Dieses Quiz wurde 8.266 mal gespielt
  • Das Durchschnittsergebnis liegt bei 10 aus 20
Antwortstatistiken
Frage Kachel Select % Korrekt
Kacheln aus Wählen Sie mich Ja
54%
Kacheln aus Wählen Sie mich Ja
53%
Kacheln aus Wählen Sie mich Ja
52%
Kacheln aus Wählen Sie mich Ja
52%
Kacheln aus Wählen Sie mich Ja
52%
Kacheln aus Wählen Sie mich Ja
52%
Kacheln aus Wählen Sie mich Ja
52%
Kacheln aus Wählen Sie mich Ja
52%
Kacheln aus Wählen Sie mich Ja
52%
Kacheln aus Wählen Sie mich Ja
51%
Kacheln aus Wählen Sie mich Nein
48%
Kacheln aus Wählen Sie mich Nein
48%
Kacheln aus Wählen Sie mich Nein
47%
Kacheln aus Wählen Sie mich Nein
47%
Kacheln aus Wählen Sie mich Nein
47%
Kacheln aus Wählen Sie mich Nein
47%
Kacheln aus Wählen Sie mich Nein
47%
Kacheln aus Wählen Sie mich Nein
47%
Kacheln aus Wählen Sie mich Nein
47%
Kacheln aus Wählen Sie mich Nein
47%
Keine übereinstimmenden Quizze gefunden
Verteilung der Resultate
Anzahl Personen mit jedem Resultat
Perzentil nach korrekt beantworteten Fragen
Ihre Resultats-Entwicklung
Sie haben dieses Quiz noch nicht gespielt